| 000 | 00926nam a2200241 u 4500 | ||
|---|---|---|---|
| 001 | 000002892 | ||
| 005 | 20200929150258.0 | ||
| 008 | 090704s1981 dr a r 000 0 spa d | ||
| 040 |
_aDO-SdBNP _bspa _cBNPHU |
||
| 082 |
_a338.476665 _bV648f |
||
| 100 | 1 |
_aVidal, Máximo Luis _99188 |
|
| 245 | 1 | 3 |
_aEl fin de la era del petróleo y su impacto sobre la economía mundial : _bcon especial énfasis sobre la economía de la República Dominicana / _cMáximo Luis Vidal. |
| 260 |
_aSan Pedro de Macorís : _bUniversidad Central del Este, _c1981. |
||
| 300 |
_a103p _ail _a20cm. |
||
| 490 | 1 |
_aCientífica ; _v11 |
|
| 500 | _aBibliografía: p. 102-103 | ||
| 590 | _aInventariado,2018/DG | ||
| 650 | 4 |
_aIndustria del petróleo _99189 |
|
| 650 | 4 |
_aRecursos energeticos renovables _99190 |
|
| 650 | 4 |
_aIndustria del alcohol combustible _99191 |
|
| 830 | 0 |
_aSerie científica ; _n11 _99192 |
|
| 910 | _aValidado. Control de calidad MFF | ||
| 999 |
_c2726 _d2726 |
||